000 00722 a2200217 4500
001 81
005 20260407155407.0
008 260407a2008 arg spa d
003 AR-UNSa-BCEJYS
040 _aAR-UNSa-BCEJYS
_bspa
_cAR-UNSa-BCEJYS
080 _a347(094.4)
_xCódigo Civil
245 1 0 _aCódigo Civil
020 _a978-950-572-757-5
264 1 _aBuenos Aires :
_bVíctor P. de Zavalía
_c2008
300 _a1713 p.
_c19 cm
942 _cBK
590 _aniveau_biblio:m niveau_hierar:0
100 1 _aArgentina [Código Civil]
700 1 _aZavalía, Ricardo Leandro de
856 4 1 _uhttps://biblioeco.unsa.edu.ar/pmb/images/libros/C?digo Civil Argentina (C?digo Civil) (2008).jpg
_yImagen de portada
_qimage/jpeg
999 _c59
_d59